[Event "Cup France"]
[Site "masterchessopen.com France"]
[Round "1"]
[White "Pimbert Jerome (FRA)"]
[Black "Vachier-Lagrave Maxime (FRA)"]
[Result "0-1"]
[WhiteElo "1920"]
[BlackElo "2634"]

1.d4 Nf6 2.c4 g6 3.Nc3 d5 4.cxd5 Nxd5 5.e4 Nxc3 6.bxc3 Bg7 7.Bc4 c5 8.Ne2 Nc6
9.Be3 O-O 10.O-O Qc7 11.Rc1 Rd8 12.Qc2 Na5 13.Bb3 Nxb3 14.Qxb3 b6 15.Rfd1 Bb7
16.f3 e6 17.a4 Ba6 18.Qa2 Rac8 19.Nf4 cxd4 20.cxd4 Rxd4 21.Nxe6 Rxd1+ 22.Rxd1
fxe6 23.Qxe6+ Kh8 24.Rd7 Qc3 {#R} 0-1

[Event "Tournament (Elo) (a)"]
[Site "masterchessopen.com Budapest (Hungary)"]
[Date "2007.04.15"]
[Round "9"]
[White "Ignacz Rozsa (HUN)"]
[Black "Darazs Zoltan (HUN)"]
[Result "0-1"]
[WhiteElo "2079"]
[BlackElo "2256"]

1.d4 Nf6 2.c4 g6 3.Nc3 d5 4.cxd5 Nxd5 5.e4 Nxc3 6.bxc3 Bg7 7.Bc4 c5 8.Ne2 Nc6
9.Be3 O-O 10.O-O Qc7 11.Rc1 Rd8 12.Bf4 Qd7 13.d5 Na5 14.Bd3 e5 15.Bg5 f6
16.Be3 b6 17.f4 Nb7 18.fxe5 fxe5 19.Qe1 Nd6 20.Qh4 Re8 21.h3 Bb7 22.Kh2 Rf8
23.Ng1 Rxf1 24.Rxf1 Rf8 25.Nf3 Nf7 26.Ng5 Nxg5 27.Rxf8+ Bxf8 28.Bxg5 Bc8
29.Bf6 Bd6 30.Qg5 Qe8 31.h4 Kf7 32.h5 Be7 33.hxg6+ hxg6 34.Bxe7 Qxe7 35.Qh6
Qf6 36.Bb5 Ke7 37.Qh7+ Kd6 38.Qh6 Qf4+ 39.Qxf4 exf4 40.Be2 Ke5 41.Bf3 b5 42.g3
g5 43.gxf4+ gxf4 44.Kg2 b4 45.Kf2 Ba6 46.Ke1 Bc4 47.cxb4 cxb4 48.Kd2 Bxa2
49.Kd3 a5 50.Bd1 Bb1+ 51.Kc4 Bxe4 52.Kb5 Bxd5 53.Kxa5 b3 {#R} 0-1

[Event "Zt"]
[Site "masterchessopen.com Shandong (China)"]
[Date "2007.05.02"]
[Round "5"]
[White "Liang Chong (CHN)"]
[Black "Bu Xiangzhi (CHN)"]
[Result "0-1"]
[WhiteElo "2476"]
[BlackElo "2692"]

{ } 1.d4 Nf6 2.c4 g6 3.Nc3 d5 4.cxd5 Nxd5 5.e4 Nxc3 6.bxc3 Bg7 7.Bc4 c5 8.Ne2
Nc6 9.Be3 O-O 10.O-O Qc7 11.Rc1 b6 { ? } 12.Qd2 ( 12.f3 Rd8 13.Qe1 e6 14.Qh4
Na5 15.Bf4 e5 16.Bg5 Rf8 17.Bd3 f5 18.f4 exd4 19.cxd4 fxe4 20.Bxe4 Bb7 21.f5
Bxe4 22.Qxe4 gxf5 23.Rxf5 Qc6 24.Rxf8+ Rxf8 25.Qxc6 Nxc6 26.dxc5 Nd4 27.Ng3
bxc5 28.Be7 Rc8 29.Rxc5 Rb8 30.h4 Rb2 31.a3 Kf7 { ...1-0, Radnoti Bela 2235 -
Petran Pal 2426 , Budapest 1968 Tournament } ) ( 12.Bf4 e5 13.Bg3 Na5 14.Bd5
Bb7 15.Bxb7 Nxb7 16.d5 Nd6 17.Qd3 Qe7 18.c4 f5 19.f3 f4 20.Bf2 g5 21.a4 Rf6
22.a5 Raf8 23.Rb1 Nc8 24.Nc3 Rg6 25.Na4 h5 26.axb6 axb6 27.Rb5 g4 28.Nxb6 g3
29.Bxc5 gxh2+ 30.Kh1 Qg5 31.Qd2 Nxb6 { ...1-0, Bodnar Zoltan 2192 - Horvath
Sandor 2409 , Hungary 2000 Ch Hungary (team) 2000/01 (2 liga) } ) 12...Bb7
13.Bh6 ( 13.f3 Rfd8 14.Rfd1 Rac8 15.Qe1 Na5 16.Bd3 Bc6 17.Qh4 Qd7 18.dxc5 bxc5
19.Ba6 Qxd1+ 20.Rxd1 Rxd1+ 21.Kf2 Rc7 22.Qg5 Bb7 23.Bb5 h6 24.Qg3 Rc8 25.Ba4
Rb1 26.Bd7 Rf8 27.Bxc5 Rb2 28.Ke1 Ba6 29.Nd4 Rfb8 30.Bb4 R8xb4 31.cxb4 Bxd4
32.bxa5 Bc3+ { ...0-1, Ruiz Garcia Jose Manuel 2113 - Jerez Perez Alfonso 2388
, Spain 1992 Ch Spain (team) } ) 13...Rad8 ( 13...Na5 14.Bd3 e5 15.Bxg7 Kxg7
16.f4 f5 17.fxe5 fxe4 18.Bb1 Qe7 19.Ng3 Qh4 20.Rce1 cxd4 21.cxd4 Rxf1+ 22.Rxf1
Rd8 23.Qf2 Bd5 24.Nf5+ { 1-0, Kula Robert 2400 - Markowski Damian 2270 ,
Koszalin 1996 It (open) } ) 14.Rfd1 ( 14.Bxg7 Kxg7 15.Qe3 e5 16.Bd5 Na5
17.Bxb7 Qxb7 18.Ng3 Qe7 19.Rfd1 h5 20.dxe5 Nc4 21.Qe2 Nxe5 22.f4 Ng4 23.h3 Nh6
24.Qf3 Rxd1+ 25.Rxd1 Rd8 26.Rxd8 Qxd8 27.Nf1 Ng8 28.Qe2 h4 29.Ne3 Nf6 30.Nd5
Qd6 31.Nxf6 Qxf6 32.Qd2 b5 33.e5 Qf5 { ...0-1, Kindermann Stefan 2535 - Hort
Vlastimil 2595 , Germany 1988 Bundesliga 1987/88 } ) ( 14.Qg5 Na5 15.Bxg7 Kxg7
16.Bd3 f6 17.Qh4 g5 18.Qh5 e5 19.Ng3 Bc8 20.d5 Nb7 21.Ba6 Nd6 22.Bxc8 Rxc8
23.Qg4 Kh8 24.h3 c4 25.Nf5 Nxf5 26.Qxf5 Rcd8 27.Rb1 Qd7 28.Qxd7 Rxd7 29.Rb4
Rc8 30.a4 Rc5 31.Rfb1 Kg7 32.Rb5 Rxb5 33.Rxb5 Kf7 { ...1/2-1/2, Gligoric
Svetozar 2595 - Razuvaev Yuri S 2510 , Ljubljana/Portoroz 1973 Memorial
M.Vidmar } ) 14...Na5 { N } ( 14...a6 15.Bxg7 Kxg7 16.Qe3 b5 17.Bb3 c4 18.Bc2
e6 19.Nf4 e5 20.Nd5 Qb8 21.h4 h5 22.f4 exd4 23.cxd4 f5 24.Qg3 Bc8 25.Rf1 Be6
26.exf5 Bxf5 27.Bxf5 Rxf5 28.Ne3 Rf6 29.d5 Nb4 30.Qg5 Qa7 31.f5 Nxd5 32.Rce1
Re8 33.Rf3 Nxe3 34.Rexe3 { ...0-1, Timoscenko Gennadij 2495 - Conquest Stuart
2460 , Vrnjacka Banja 1990 It } ) 15.Bd3 { +0.07 CAP } 15...e5 { N } 16.Bxg7
Kxg7 17.Qe3 Rfe8 18.Ng3 f6 19.h4 Bc8 20.h5 Nb7 21.Bb5 Rf8 22.Ba6 Nd6 23.Bxc8
Nxc8 24.dxe5 Qxe5 25.f4 Qe7 26.Qf3 Rxd1+ 27.Rxd1 Rd8 28.Re1 Qe6 29.hxg6 hxg6
30.f5 Qe5 31.fxg6 Ne7 32.Rf1 Kxg6 33.Nh5 Rd6 34.Qg4+ Qg5 35.Nf4+ Kf7 36.Qh3
Qe5 37.Qh7+ Ke8 38.Nh5 Kd7 39.Qh8 Kc6 40.Nxf6 Kb5 41.Qf8 Nc6 { ?! } ( 41...Ka6
{ !? } 42.Qe8 Qg3 43.Nd5 Nxd5 44.exd5 Qxc3 45.Qa4+ Qa5 46.Qf4 Rd8 { } ) 42.Nd5
Rg6 { ?! } ( 42...Rd8 { !? } 43.Qf3 Ka5 44.Qd3 Rh8 45.Rf4 Rh7 46.Qd2 Ne7
47.Ne3 Ka6 { } ) 43.Qf3 { ?! } ( 43.Rb1+ { !? } 43...Ka6 44.Rb3 c4 45.Qc8+ Ka5
46.Ra3+ Kb5 47.Nc7+ Kc5 48.Qf8+ Ne7 49.Rxa7 Qg5 50.Qf1 { } ) 43...Rh6 44.g3 {
?! } ( 44.Qe2+ { !? } 44...Ka5 45.Rf4 Ne7 46.Qb2 Nxd5 47.Qa3+ Kb5 48.c4+ Kc6
49.exd5+ Kd6 50.Qg3 Qa1+ { } ) 44...Qg5 { ? } ( 44...Ka5 45.Rb1 Qg5 46.Qg2 Ne5
47.Rf1 Rg6 48.Rf5 Qc1+ 49.Rf1 Qg5 50.Rf5 Qc1+ 51.Rf1 Qg5 { } ) 45.Nc7+ Ka5
46.c4 b5 47.Qa3+ Kb6 48.Nd5+ Kb7 49.cxb5 { ? } ( 49.Rf7+ Ka8 50.cxb5 Qd2
51.Rf8+ Nb8 52.Qe3 Qxe3+ 53.Nxe3 Re6 54.Rf4 a6 55.a4 axb5 56.axb5 { } )
49...Ne5 50.Nf4 Qg7 51.Rd1 { ?! } ( 51.Ng2 { !? } 51...Rg6 52.Rd1 c4 53.Kf2
Nd3+ 54.Rxd3 cxd3 55.Qxd3 { } ) 51...Qh7 { ?! } ( 51...Qh8 { !? } 52.Qa4 Rh1+
53.Kf2 Rh2+ 54.Ke1 Nf3+ 55.Kf1 Nd2+ 56.Kg1 Nf3+ 57.Kf1 Nd2+ 58.Kg1 { } )
52.Rd5 { ?? } ( 52.Nh5 Qh8 53.Qxc5 Rxh5 54.Qe7+ Kc8 55.Rc1+ Kb8 56.Qd6+ Ka8
57.Qd5+ Kb8 58.Qd6+ Ka8 59.Qd5+ { } ) 52...Rh1+ 53.Kf2 Qh2+ { } {#R} 0-1

[Event "Ch Asia (juniors) (under 16)"]
[Site "masterchessopen.com Tashkent (Uzbekistan)"]
[Date "2007.07.04"]
[Round "6"]
[White "Vakhidov Jahongir (UZB)"]
[Black "Faizulaev Akmal (UZB)"]
[Result "0-1"]
[WhiteElo "2392"]
[BlackElo "2239"]

1.d4 Nf6 2.c4 g6 3.Nc3 d5 4.cxd5 Nxd5 5.e4 Nxc3 6.bxc3 Bg7 7.Bc4 c5 8.Ne2 Nc6
9.Be3 O-O 10.O-O Qc7 11.Rc1 Rd8 12.Qd2 Ne5 13.Bb3 Ng4 14.Bf4 e5 15.Bg3 Qe7
16.h3 Nf6 17.f3 Nh5 18.Bf2 cxd4 19.cxd4 exd4 20.Nxd4 Be6 21.Rcd1 Bxb3 22.axb3
Rac8 23.Qa5 Nf4 24.Rfe1 b6 25.Qb5 Bxd4 26.Bxd4 Rxd4 27.Rxd4 Qh4 28.Red1 Rc2
29.Kh1 Rxg2 30.Qe8+ Kg7 31.Qe5+ Kh6 32.Qxf4+ Qxf4 33.Kxg2 Kg7 34.R4d3 h5
35.Rg1 a5 36.Kh1 b5 37.Kg2 Qc7 38.Rgd1 h4 39.Rd6 Qc2+ 40.R1d2 Qxb3 41.Rd7 Qc3
42.R7d5 b4 43.R2d3 Qe1 44.R3d4 Qg3+ 45.Kf1 Qxh3+ 46.Ke1 Qg2 47.e5 Qg1+ 48.Ke2
h3 49.Rh4 Qg2+ {#R} 0-1

[Event "It (open)"]
[Site "masterchessopen.com Pardubice (Czech Republic)"]
[Date "2007.07.23"]
[Round "4"]
[White "Pozin Sergey (RUS)"]
[Black "Dvoirys Semen I (RUS)"]
[Result "0-1"]
[WhiteElo "2452"]
[BlackElo "2572"]

{ Dvoirys Semen I (RUS) +2 =2 -1 } 1.d4 Nf6 2.c4 g6 3.Nc3 d5 4.cxd5 Nxd5 5.e4
Nxc3 6.bxc3 Bg7 7.Bc4 c5 8.Ne2 Nc6 9.Be3 O-O 10.O-O Qc7 11.Rc1 Rd8 { ?/= } (
11...e6 12.Qd2 Na5 13.Bd3 b6 14.Bh6 Bb7 15.e5 Qe7 16.h4 Rac8 17.Bg5 f6 18.exf6
Bxf6 19.Ng3 Bxg5 20.hxg5 Qd6 21.Qe3 cxd4 22.cxd4 Bd5 23.Rxc8 Rxc8 { 1/2-1/2,
Sakaev Konstantin 2669 - Dvoirys Semen I 2615 , Moscow 19. 2.2004 It (open)
"Aeroflot" } ) 12.Kh1 ( 12.Bf4 Qd7 13.d5 Na5 14.Bd3 b6 15.Bg5 f6 16.Be3 c4
17.Bc2 e6 18.Nf4 exd5 19.exd5 Qf7 20.Be4 Bb7 21.Qc2 Rd7 22.Rcd1 Re8 23.Bf3 Ba8
24.Qa4 f5 25.Bd4 Bxd4 26.Rxd4 Re5 27.Qd1 g5 28.Ne6 g4 29.Bxg4 Rexd5 30.Ng5 Qf6
31.Bf3 Rxd4 { ...1/2-1/2, Shirov Alexei 2709 - Kamsky Gata 2380 , Borzhomi
1988 Ch URS (juniors) } ) ( 12.Qd2 Qa5 13.Qb2 Qb6 14.Qxb6 axb6 15.Rfd1 Be6
16.d5 Ne5 17.Bb3 Bd7 18.c4 b5 19.cxb5 Bxb5 20.Nc3 Ba6 21.Bxc5 Nd3 22.Bxe7 Nxc1
23.Rxc1 Rdc8 24.Bb4 Bc4 25.g3 Bxb3 26.axb3 Ra6 27.Kg2 f5 28.exf5 gxf5 29.d6
Bxc3 30.d7 Rd8 31.Rxc3 Rxd7 { ...1/2-1/2, Sokolov Ivan 2670 - Ftacnik Lubomir
2610 , Jakarta 1996 It (cat.13) } ) 12...Na5 { N } ( 12...b6 13.f4 Na5 (
13...e6 14.Qe1 Na5 15.Bd3 f5 16.e5 Bb7 17.Qf2 c4 18.Bc2 Nc6 19.Rb1 Ne7 20.Bc1
Nd5 21.Ba3 Qc6 22.Rg1 Rac8 { 1/2-1/2, Besseling Michiel 2202 - Van Wieringen
Cor A, Netherlands 1990 corr. } ) 14.Bd3 f5 15.exf5 Bxf5 ( 15...gxf5 16.Ng3 e6
17.Nh5 Bb7 18.Qe2 c4 19.Bc2 Bd5 20.Bf2 Qf7 21.Bh4 Rf8 22.Nxg7 Qxg7 23.Rf3 Bxf3
24.gxf3 Rf6 25.Bxf6 Qxf6 26.Re1 Kf7 27.Ba4 Rd8 28.Bb5 h5 29.Bxc4 Nxc4 30.Qxc4
Rd7 31.Re5 h4 32.Qc8 { ...1/2-1/2, Tozer Richard 2290 - Morris Philip 2380 ,
London 1990 It (young masters) } ) 16.Bxf5 gxf5 17.d5 Nc4 18.Qd3 b5 19.Qxf5
Qd6 20.Bg1 Qxd5 21.Ng3 Rac8 22.Rfe1 Bf6 23.Qh3 Kh8 24.Ne4 Rc7 25.Rcd1 Qxd1
26.Rxd1 Rxd1 27.Qh6 Kg8 28.Nxf6+ exf6 29.Qxf6 h6 30.Qe6+ Kh7 31.Qf5+ Kh8 32.h3
{ ...1-0, Vaganian Rafael A 2510 - Rogoff Kenneth S 2425 , Athens 1971 Ch
World (juniors) (under 18) } ) ( 12...e6 13.f4 Na5 14.Bd3 f5 15.exf5 exf5 (
15...gxf5 16.dxc5 Nc4 17.Bd4 Bxd4 18.Nxd4 Nb2 19.Qc2 Nxd3 20.Qxd3 Qxc5 21.Rce1
Kh8 22.Re5 Rd5 23.Rxd5 Qxd5 24.c4 Qd8 25.Rd1 a6 26.h3 Qf6 27.Nf3 Kg7 28.c5 Qb2
29.Ne5 { 1-0, Cooper John G 2347 - Branford John W 2235 , Brighton 1980 Ch
Great Britain } ) 16.dxc5 Be6 17.Qc2 Nc6 18.Rb1 Qf7 19.Rb2 Bxa2 20.Bxf5 Bc4
21.Be4 Re8 22.Bg1 Re7 23.Rxb7 Rxb7 24.Bxc6 Re8 25.Bxb7 Qxb7 26.Rb1 Qa8 27.Nd4
a5 28.Qa4 Bd5 29.c6 Bxd4 30.Bxd4 Qxc6 31.Qxa5 Bxg2+ 32.Kg1 { ...1/2-1/2,
Tukmakov Vladimir B 2565 - Stein Leonid Z 2605 , Moscow 1971 Memorial
A.Alekhine } ) ( 12...a6 13.f4 b5 14.Bd3 e6 15.f5 exf5 16.exf5 Qe7 17.Qd2 cxd4
18.cxd4 Nxd4 19.Bg5 f6 20.Nxd4 Rxd4 21.Be3 Rd7 22.Rfd1 gxf5 23.Bf4 Kh8 24.Qf2
Bb7 25.Bxf5 Rxd1+ 26.Rxd1 Re8 27.h3 Bc6 28.Kh2 Qb4 29.Rd4 Qc5 30.Bd6 Qc1
31.Rh4 h6 32.Bc2 { ...1-0, Cooper John G 2347 - Pein Malcolm 2397 , Brighton
1980 Ch Great Britain } ) ( 12...Ne5 13.Bf4 cxd4 14.cxd4 Qb6 15.Bd5 Nc6 16.Be3
e6 17.Bxc6 bxc6 18.d5 Qa5 19.Nd4 Qxa2 20.Nxc6 Rd7 21.d6 Bb7 22.f4 Bxc6 23.Rxc6
e5 24.f5 f6 25.Rf2 Qf7 26.h3 Rad8 27.Rd2 Bf8 28.Rd5 gxf5 29.exf5 h5 30.Rd3 Qh7
31.Qb3+ Qf7 32.Qxf7+ { ...1-0, Edwards Raymond 2093 - Harman Ronald F A 2042 ,
Brighton 1972 Ch Great Britain } ) 13.Bd3 b6 14.f4 e6 { N } ( 14...f5 15.exf5
Bxf5 16.Bxf5 gxf5 17.d5 Nc4 18.Qd3 b5 19.Qxf5 Qd6 20.Bg1 Qxd5 21.Ng3 Rac8
22.Rfe1 Bf6 23.Qh3 Kh8 24.Ne4 Rc7 25.Rcd1 Qxd1 26.Rxd1 Rxd1 27.Qh6 Kg8
28.Nxf6+ exf6 29.Qxf6 h6 30.Qe6+ Kh7 31.Qf5+ Kh8 32.h3 Rg7 33.Qxc5 a6 34.Qh5 {
...1-0, Vaganian Rafael A 2510 - Rogoff Kenneth S 2425 , Athens 1971 Ch World
(juniors) (under 18) } ) 15.f5 exf5 16.exf5 Bb7 17.Qd2 { -0.52 CAP } ( 17.Bg5
Re8 18.Nf4 cxd4 19.cxd4 Qd6 20.Qg4 Rac8 21.Rce1 Qxd4 22.fxg6 hxg6 23.h4 Nc4
24.Bxc4 Qxc4 25.h5 gxh5 26.Qxh5 Be4 27.Kh2 Qc6 28.Qh4 Qd6 29.Re3 Rc3 30.Rff3
Rxe3 31.Rxe3 Kf8 32.Rg3 Bf5 33.Nh5 Re4 34.Bf4 Be5 35.Ng7 Bg6 36.Qh8+ Ke7 {
...1/2-1/2, Razuvaev Yuri S 2490 - Haag Ervin 2440 , Polanica Zdroj 1972 It }
) 17...cxd4 { N } 18.cxd4 Qd6 19.Bh6 Bxd4 20.fxg6 hxg6 21.Qg5 Bb2 22.Rcd1 Qd5
23.Qg4 Qd7 24.Qg3 Qc6 25.Nf4 Be5 26.Qg4 { ?! } ( 26.Rfe1 { !? } 26...Qc3
27.Bg5 Rd6 28.Rc1 Qd4 29.Re3 { } ) 26...Rd6 27.Qe2 Re8 28.Rde1 { ?! } ( 28.Bb5
{ !? } 28...Bxf4 29.Qxe8+ Qxe8 30.Bxe8 Rxd1 31.Rxd1 Bxh6 32.Rd7 Kg7 33.Rxf7+
Kg8 34.Rd7 g5 { } ) 28...Re7 29.Rg1 Bxf4 30.Qxe7 Bxh6 31.Bb5 Qd5 32.Be8 Bf8
33.Qc7 Rf6 34.Rd1 Qxa2 35.Qb8 Qe2 36.Rb1 Rf2 { } {#R} 0-1

[Event "It (open)"]
[Site "masterchessopen.com Latschach (Austria)"]
[Date "2007.08.17"]
[Round "8"]
[White "Wiedermann Franz (AUT)"]
[Black "Keller Manfred (GER)"]
[Result "1-0"]
[WhiteElo "2135"]
[BlackElo "2230"]

1.d4 Nf6 2.c4 g6 3.Nc3 d5 4.cxd5 Nxd5 5.e4 Nxc3 6.bxc3 Bg7 7.Bc4 c5 8.Ne2 Nc6
9.Be3 O-O 10.O-O Qc7 11.Rc1 Rd8 12.Bf4 Qd7 13.dxc5 Qe8 14.Bd5 Bd7 15.Qc2 Rac8
16.Rfd1 Na5 17.Be3 Bb5 18.Nd4 Rxc5 19.Nxb5 Rxb5 20.a4 Rb6 21.Bxb6 axb6 22.Bb3
Rc8 23.Rd3 e6 24.Rcd1 Bf6 25.f4 Qc6 26.e5 Be7 27.h3 Qc5+ 28.Kh2 Qa3 29.c4 Qc5
30.Rd7 Kf8 31.R1d3 g5 32.g3 Ke8 33.Ba2 gxf4 34.gxf4 Bh4 35.R7d4 Nc6 36.Qd1
Nxd4 37.Rxd4 Qa3 38.Bb3 Qb2+ 39.Rd2 Qc3 40.Rd3 Qb2+ 41.Rd2 Qc3 42.Rg2 Kf8
43.Qg4 Bd8 44.Ba2 Qe3 45.Qg7+ Ke8 46.Qg8+ Ke7 47.Qg5+ Kd7 48.Qg4 h5 49.Qd1+
{#r} 1-0

[Event "It (open) (active) \"]
[Site "masterchessopen.com Mainz (Germany)"]
[Date "2007.08.19"]
[Round "11"]
[White "Harikrishna P (IND)"]
[Black "Ruck Robert (HUN)"]
[Result "1-0"]
[WhiteElo "2668"]
[BlackElo "2561"]

{ Harikrishna P (IND) +1 =0 -0 Ruck Robert (HUN) +2 =4 -1 } 1.d4 Nf6 2.c4 g6
3.Nc3 d5 4.cxd5 Nxd5 5.e4 Nxc3 6.bxc3 Bg7 7.Bc4 c5 8.Ne2 Nc6 9.Be3 O-O 10.O-O
Qc7 11.Rc1 Rd8 12.Bf4 Qd7 { ?/= } 13.dxc5 ( 13.d5 Na5 14.Bd3 b6 15.Bg5 f6
16.Be3 c4 17.Bc2 e6 18.Nf4 exd5 19.exd5 Qf7 20.Be4 Bb7 21.Qc2 Rd7 22.Rcd1 Re8
23.Bf3 Ba8 24.Qa4 f5 25.Bd4 Bxd4 26.Rxd4 Re5 27.Qd1 g5 28.Ne6 g4 29.Bxg4 Rexd5
30.Ng5 Qf6 31.Bf3 Rxd4 32.cxd4 Rxd4 { ...1/2-1/2, Shirov Alexei 2709 - Kamsky
Gata 2380 , Borzhomi 1988 Ch URS (juniors) } ) 13...Qe8 14.Bd5 Bd7 15.Qd3 (
15.Bg5 Rdc8 16.Qd2 Na5 17.Be3 e6 18.Bb3 Bf8 19.Rfd1 Rc7 20.c4 Nxb3 21.axb3 Bc8
22.Qa5 Rd7 23.Nc3 Be7 24.Nb5 Rxd1+ 25.Rxd1 Bd7 26.Nd6 Bxd6 27.cxd6 f6 28.e5 f5
29.h4 Qc8 30.Bh6 Qd8 31.Qb4 Qb6 32.Qc3 Kf7 33.c5 Qd8 34.Bg5 Qg8 { ...1-0,
Kushnir Alla 2355 - Gaprindashvili Nona 2450 , Riga 1972 Ch World (match) (w)
} ) 15...e6 ( 15...Rac8 16.Qg3 e5 17.Bg5 Ne7 18.Qh4 Bf8 19.Bb3 a5 20.a4 Rc7
21.Bf6 Bxa4 22.Bxe5 Rxc5 23.Bxa4 Qxa4 24.Qf6 Rxe5 25.Qxe5 Nc6 26.Qc7 Qb5
27.Nd4 Nxd4 28.Qxd8 Ne2+ 29.Kh1 Nxc1 30.Rxc1 Qb2 31.Qd1 Qxf2 32.Qd4 Qf4 33.Ra1
Bd6 34.g3 Qf3+ 35.Kg1 { ...1/2-1/2, Atalik Suat 2619 - Belov Vladimir 2598 ,
Polanica Zdroj 21. 8.2006 Memorial A.Rubinstein (cat.13) } ) ( 15...Bf8 16.Qe3
Rdc8 17.Ng3 e6 18.Bxc6 Rxc6 19.e5 Bxc5 20.Qd2 Be7 21.Bg5 Rc4 22.Rfe1 Bc6
23.Qe3 Bxg5 24.Qxg5 Qd8 25.Qh6 Qd5 26.f3 Qc5+ 27.Kh1 Rxc3 28.Qg5 f6 { 0-1,
Knaak Rainer 2515 - Garcia S Alberto, Polanica Zdroj 1974 } ) ( 15...Bf6
16.Qe3 e6 17.Bxc6 Bxc6 18.Bd6 e5 19.c4 h6 20.Qxh6 Bxe4 21.Nc3 Bc6 22.Nd5 Bxd5
23.cxd5 b6 24.Rfd1 Rac8 25.Qe3 Qb5 26.Bxe5 Bxe5 27.Qxe5 Rxc5 28.Rxc5 Qxc5
29.Qg5 Re8 30.Qd2 Qd6 31.h4 b5 32.Qd4 a5 33.g3 a4 34.Rc1 b4 35.Qc5 {
...1/2-1/2, Gustafsson Jan 2615 - Mamedyarov Shakhriyar 2674 , Goteborg 6.
8.2005 Ch Europe (team) } ) 16.Bxc6 ( 16.Bb3 Na5 17.Bd6 Rac8 18.Qe3 Ba4 19.Rb1
b6 20.e5 Nb7 21.cxb6 Nxd6 22.exd6 axb6 23.Rfd1 Bxb3 24.Rxb3 b5 25.Qb6 Rc6
26.Qxb5 Qd7 27.c4 Rxd6 28.Rxd6 Qxd6 29.Ng3 Qd1+ 30.Nf1 Bd4 31.Rf3 Qe2 32.a4 e5
33.Qc6 e4 34.Qc7 Rf8 35.Rf4 f5 { ...1/2-1/2, Knaak Rainer 2515 - Schmidt
Wlodzimierz 2500 , Zakopane 5.1974 Match "Poland-DDR" } ) 16...Bxc6 17.Bd6 b6
18.Qe3 { +0.07 CAP } 18...e5 { N } ( 18...Bb7 19.e5 Qc6 20.f3 bxc5 21.Ng3 (
21.c4 Rac8 22.Be7 Rd7 23.Bf6 h6 24.Rfd1 Bxf6 25.exf6 Kh7 26.Qe5 Qc7 27.Qxc7
Rcxc7 28.Nc3 { 1/2-1/2, Quinn Mark 2409 - Knott Simon J B 2388 , Scarborough
5. 8.2004 Ch Great Britain } ) 21...Qa4 22.Rf2 Rac8 23.Rb1 ( 23.c4 Rxd6
24.exd6 Bd4 25.Qd2 Rd8 26.Ne2 Bxf2+ 27.Kxf2 Qa6 28.d7 Bc6 29.Qg5 Rxd7 30.Qxc5
Rd2 31.Rb1 Rxe2+ 32.Kxe2 Qxa2+ 33.Ke3 Qxb1 34.Qxc6 Qb6+ 35.Qxb6 axb6 36.Kd4
Kf8 37.Kc3 Ke7 38.Kb4 { ...0-1, Fraser Scott 2100 - Knott Simon J B 2387 ,
Swansea 8. 8.2006 Ch Great Britain } ) 23...Bd5 24.Bxc5 Bxa2 25.Ra1 Rd1+
26.Rf1 Rxf1+ 27.Nxf1 Qc2 28.Bxa7 Rxc3 29.Rxa2 Qxa2 30.Qxc3 Qxa7+ 31.Ne3 Bh6
32.Kf2 Bf4 33.g3 Qa2+ 34.Kg1 Bxe3+ { 1/2-1/2, Delchev Aleksander 2637 - Ruck
Robert 2523 , Sibenik 29. 9.2006 Ch Croatia (team) } ) 19.c4 bxc5 20.Bxc5 Qe6
21.Nc3 Qxc4 22.Nd5 Bxd5 23.Rxc4 Bxc4 24.Rc1 Bxa2 25.Bxa7 Be6 26.h3 Rd7 27.Bb6
Rb8 28.Ba5 h6 29.Bc3 Rdb7 30.Kh2 Kh7 31.Ba1 Rb3 32.Qd2 R3b5 33.Rc6 Ra8 34.Bc3
Ra2 35.Qe3 Rb3 36.Rb6 Rba3 37.Qc5 Ra4 38.Rb4 Ra5 39.Qe3 R5a3 40.Qc1 Ra8 41.Bb2
Rc8 42.Qd2 Rc5 43.Rb8 h5 44.h4 Rc4 45.Qd3 Raa4 46.Qd8 Rc2 47.Qd1 Rac4 48.Kg1
Bg4 49.Qd3 Rc5 50.Rb3 Rc8 51.Bc3 Ra2 52.Bd2 Ra1+ 53.Rb1 Ra4 54.Be3 Be6 55.Rc1
{ ?! } ( 55.Rb2 { !? } 55...Bf6 56.Bg5 Bg7 57.Kh2 Rd4 58.Qb1 Ra4 59.Rc2 Rxc2 {
} ) 55...Rb8 { ?! } ( 55...Rd4 { !? } 56.Qe2 Rxe4 57.Rxc8 Bxc8 58.Qc2 Bf5
59.Qc7 Be6 60.Qe7 Rc4 61.g3 e4 62.Kg2 { } ) 56.Bg5 Rd4 57.Qe3 { ? } ( 57.Qe2
Ra4 58.f3 Bf8 59.Bf6 Ra5 60.Kh2 Bh6 61.Rc3 Kg8 62.Rc7 Ra2 { } ) 57...Rbb4 { ?
} ( 57...f6 58.Rc6 Re8 59.f4 fxg5 60.f5 gxf5 61.Qxg5 Bf7 62.Rc7 Kg8 63.Qxf5
Rf8 64.Kh2 Rd6 { } ) 58.f3 Rb2 59.Qc3 Ra2 60.Qc5 Rda4 61.Rc2 Ra1+ 62.Kh2 Ra8
63.Qe7 R1a5 64.Rc7 Ra2 { ? } ( 64...R5a6 65.Qb4 Ra2 66.Qb1 Ra1 67.Qb7 R8a2
68.Rc1 Ra7 69.Qb6 R1a2 70.Kg3 R7a3 { } ) 65.Bf6 Bf8 66.Qxe6 { } {#r} 1-0

[Event "Tournament (team)"]
[Site "masterchessopen.com Vladivostok (Russia)"]
[Date "2007.09.29"]
[Round "1"]
[White "Dolgova Olga (RUS)"]
[Black "Kravtsov Sergey (RUS)"]
[Result "0-1"]
[WhiteElo "2224"]
[BlackElo "2383"]

1.d4 Nf6 2.c4 g6 3.Nc3 d5 4.cxd5 Nxd5 5.e4 Nxc3 6.bxc3 Bg7 7.Bc4 c5 8.Ne2 Nc6
9.Be3 O-O 10.O-O Qc7 11.Rc1 Rd8 12.Bf4 Qd7 13.dxc5 Qe8 14.Bd5 Bd7 15.Qd3 h6
16.Qe3 Kh7 17.Rcd1 Rac8 18.Bg3 Na5 19.Rd2 Ba4 20.Rb1 e6 21.Bxb7 Nc4 22.Rxd8
Rxd8 23.Qc1 Rd1+ 24.Qxd1 Bxd1 25.Rxd1 Qa4 26.Re1 Na5 27.c6 Nxc6 28.Bxc6 Qxc6
29.Rc1 Qxe4 30.Kf1 Qc4 31.Rc2 Qd3 32.Rc1 Bxc3 33.f3 Ba5 34.Be1 Bb6 35.Rc3 Qa6
36.a3 g5 37.Bf2 Ba5 38.Rc1 Qb7 39.Bc5 a6 40.Kf2 Qc7 41.g3 Qd7 42.Bd4 Kg6
43.Be3 Qa4 44.Bc5 Qb3 45.Bd4 Qb7 46.Bc5 h5 47.Bd4 f6 48.h3 e5 49.Bc5 Qd7 50.g4
hxg4 51.hxg4 e4 52.Be3 exf3 53.Kxf3 Qd5+ 54.Kf2 Qe4 55.Rg1 Bc7 56.Rg2 Bd6
57.Rg1 a5 58.Bd4 a4 59.Kf1 {#R} 0-1

[Event "Ch World (juniors) (under 08)"]
[Site "masterchessopen.com Kemer (Turkey)"]
[Date "2007.11.26"]
[Round "9"]
[White "Lin Dachey (USA)"]
[Black "Zajic Milan (SRB)"]
[Result "0-1"]
[WhiteElo "1880"]
[BlackElo "2110"]

1.d4 Nf6 2.c4 g6 3.Nc3 d5 4.cxd5 Nxd5 5.e4 Nxc3 6.bxc3 Bg7 7.Bc4 O-O 8.Be3 c5
9.Ne2 Nc6 10.O-O Qc7 11.Qc2 Bd7 12.Bf4 e5 13.Bg3 Na5 14.Bd5 cxd4 15.Nxd4 Rac8
16.Ne2 Bb5 17.Rab1 Ba6 18.Rb2 Nc4 19.Rb4 Nb6 20.Rb3 Nxd5 21.exd5 Qc4 22.Re1
Qxd5 23.f3 Rfd8 24.Bf2 b6 25.Ra3 Bxe2 26.Rxe2 Qd1+ 27.Qxd1 Rxd1+ 28.Re1 Rxe1+
29.Bxe1 Rc7 30.Kf2 f6 31.Ke3 Kf7 32.c4 Bf8 33.Ra4 a5 34.Ke4 Ke6 35.Bf2 Bc5
36.Bxc5 Rxc5 37.g4 f5+ 38.Kd3 f4 39.h4 h6 40.Ra3 Rc6 41.Rb3 Rd6+ 42.Ke2 Rc6
43.Rb5 Rd6 44.c5 bxc5 45.Rxc5 a4 46.Ra5 Rd4 47.Ra6+ Kf7 48.h5 gxh5 49.gxh5 Kg7
50.Rg6+ Kh7 51.Re6 Rb4 52.Re7+ Kg8 53.Kd3 Rb2 54.Rxe5 Rxa2 55.Re4 Ra3+ 56.Ke2
Re3+ 57.Rxe3 fxe3 58.Kxe3 a3 59.Kd3 a2 60.Ke4 a1=Q 61.Kf5 Qd4 62.Kg6 Qe5 63.f4
Qe6# 0-1

[Event "Ch UrFO (open)"]
[Site "masterchessopen.com Ekaterinburg (Russia)"]
[Date "2008.03.21"]
[Round "7"]
[White "Ovetchkin Roman (RUS)"]
[Black "Vokarev Sergey (RUS)"]
[Result "1-0"]
[WhiteElo "2540"]
[BlackElo "2542"]

1.d4 Nf6 2.c4 g6 3.Nc3 d5 4.cxd5 Nxd5 5.e4 Nxc3 6.bxc3 Bg7 7.Bc4 c5 8.Ne2 Nc6
9.Be3 O-O 10.O-O Qc7 11.Rc1 Rd8 12.Qd2 Qa5 13.Qb2 Qb6 14.Qxb6 axb6 15.Rfd1 Bd7
16.dxc5 Na5 17.Bb3 b5 18.Nd4 Nc4 19.Bxc4 bxc4 20.Rd2 e5 21.Nf3 Bc6 22.Rxd8+
Rxd8 23.Nd2 Ra8 24.Rc2 Ra4 25.g4 f6 26.f3 Kf7 27.Kf2 Ke6 28.Ke1 Kd7 29.Rb2 Kc7
30.Kd1 Ra3 31.Nxc4 Rxc3 32.Rb4 Bb5 33.Rxb5 Rxc4 34.Ra5 f5 35.gxf5 gxf5 36.exf5
Rh4 37.Bg1 Rf4 38.Ke2 Rxf5 39.Ra4 h5 40.Be3 Bf6 41.Ra8 Bg5 42.Bf2 Bf4 43.h4
Rf6 44.a4 Rg6 45.a5 Rf6 46.Rh8 Rf5 47.Be1 Bc1 48.Bf2 Bf4 49.Rg8 Rf6 50.Rg7+
Kc6 51.Re7 Bh2 52.Rh7 Rf5 53.Rh6+ Kc7 54.c6 bxc6 55.a6 e4 56.fxe4 Ra5 57.Rh7+
Kd6 58.a7 Ra2+ 59.Kf3 Be5 60.Rxh5 Ra3+ 61.Kg4 {#r} 1-0

[Event "It (open) \"]
[Site "masterchessopen.com St. Petersburg (Russia)"]
[Date "2008.03.27"]
[Round "6"]
[White "Kosov Igor (RUS)"]
[Black "Krylov Andrei (RUS)"]
[Result "0-1"]
[WhiteElo "1746"]
[BlackElo "2105"]

1.d4 Nf6 2.c4 g6 3.Nc3 d5 4.cxd5 Nxd5 5.e4 Nxc3 6.bxc3 Bg7 7.Bc4 O-O 8.Be3 c5
9.Ne2 Nc6 10.O-O Qc7 11.Qc2 Na5 12.Bb3 c4 13.Ba4 b6 14.Qb2 b5 15.Bc2 e5 16.d5
f5 17.f3 Rb8 18.a4 bxa4 19.Qa3 Nb3 20.Rad1 Bd7 21.Kh1 f4 22.Bf2 Rfc8 23.Rb1
Bf8 24.Qa2 a5 25.Rfd1 Bc5 26.Bg1 Qb6 27.Bxc5 Qxc5 28.Ng1 Qe3 29.Qb2 Qc5 30.Qa2
Rb6 31.Re1 Rcb8 32.Bd1 a3 33.Bc2 Nd2 34.Rxb6 Rxb6 35.Bd1 Rb2 36.Qa1 Nb3
37.Bxb3 cxb3 38.Ne2 Qf2 39.Qd1 a2 40.d6 Qxe1+ 41.Qxe1 Rb1 {#R} 0-1